000 00339nam a22001217a 4500
008 230619b xxu||||| |||| 00| 0 eng d
082 _a301.35
_bDUB
100 _cS.C Dube
245 _aIndia's changing Villages
_bHuman Factors in Community Development
260 _aLondon
_bRoutledge and Kegan Paul LTD
300 _a230p
942 _2ddc
_cBK
999 _c1250
_d1250